ბათუმის შოთა რუსთაველის სახელმწიფო უნივერსიტეტის ბიბლიოთეკა

გრაფი დ'ორჟელის მეჯლისი : (ბიბ.ჩანაწერი № 40308)

000 -ლიდერი
ფიქსირებული სიგრძის საკონტროლო ველი 00926nam a2200229Ia 4500
001 - საკონტროლო ნომერი
საკონტროლო ველი 6916
003 - საკონტროლო ნომრის იდენტიფიკატორი
საკონტროლო ველი GE_BSU
005 - ბოლო ოპერაციის თარიღი და დრო
საკონტროლო ველი 20200214121746.0
008 - ფიქსირებული სიგრძის მონაცემთა ელემენტები - ზოგადი ინფორმაცია
ფიქსირებული სიგრძის საკონტროლო ველი 181216s2012||||GE |||||||||||||| ||GEO||
020 ## - წიგნის საერთაშორისო სტანდარტული ნომერი
International Standard Book Number 9789941923647
040 ## - კატალოგიზაციის წყარო
Transcribing agency GE_BSU
041 ## - ენის კოდი
Language code of text/sound track or separate title geo
080 ## - უნივერსალური ათობითი კლასიფიკაციის ინდექსი
Universal Decimal Classification number 821.133.1-31 რ-15
100 ## - მთავარი ჩანაწერი - პიროვნების სახელი
Personal name რადიგე, რემონ.
9 (RLIN) 7082
245 ## - ცნობა სათაურის შესახებ
Title გრაფი დ'ორჟელის მეჯლისი :
Remainder of title რომანი /
Statement of responsibility, etc რემონ რადიგე ; ფრან. თარგმნ. ნატა ბალავაძემ.
264 ## - წარმოების, გამოცემის, დისტრიბუციის და სხვა ცნობები
გამოცემის, წარმოების, დისტრიბუციის... ადგილი თბილისი :
გამოცემის, წარმოების, დისტრიბუციის... სახელწოდება აგორა,
გამოცემის, წარმოების, დისტრიბუციის... თარიღი 2012.
300 ## - ფიზიკური აღწერა
Extent 202 გვ. ;
Dimensions 17 სმ.
653 ## - INDEX TERM--UNCONTROLLED
Uncontrolled term გრაფი დ'ორჟელის მეჯლისი
653 ## - INDEX TERM--UNCONTROLLED
Uncontrolled term რომანი
700 ## - ADDED ENTRY--PERSONAL NAME
Personal name ბალავაძე, ნატა
Relator term ფრანგულიდან თარგმნა
9 (RLIN) 7083
942 ## - ADDED ENTRY ELEMENTS (KOHA)
Koha item type წიგნი
Source of classification or shelving scheme
ეგზემპლარები
ჩამოწერის სტატუსი დაკარგული ეგზემპლარის სტატუსი კლასიფიკაციის წყარო ან თაროზე გაწყობის სქემა დაზიანების სტატუსი არ გაიცემა მუდმივი მდებარეობა (დაცვის ადგილი) ამჟამინდელი ადგილსამყოფელი თაროზე განთავსების ადგილი შეძენის თარიღი სრული შენახვის შიფრი შტრიხკოდი ბოლო ოპერაციის თარიღი ეგზემპლარის მიმდევრობითი ნომერი (კეტერი?) ფასის ძალაში შესვლის თარიღი ეგზემპლარის სახეობა
          ბათუმის შოთა რუსთაველის სახელმწიფო უნივერსიტეტის მთავარი ბიბლიოთეკა ბათუმის შოთა რუსთაველის სახელმწიფო უნივერსიტეტის მთავარი ბიბლიოთეკა წიგნსაცავი 2018-12-17 821.133.1-31 რ-15 14984 2018-12-17 14984 2018-12-17 წიგნი